Catálogo público

Centros mundiales de origen de las plantas cultivadas (Record no. 48057)

MARC details
000 -CABECERA
campo de control de longitud fija 01048nam a22003137a 4500
003 - IDENTIFICADOR DEL NÚMERO DE CONTROL
campo de control CHAP
005 - FECHA Y HORA DE LA ÚLTIMA TRANSACCIÓN
campo de control 20220329140155.0
008 - DATOS DE LONGITUD FIJA--INFORMACIÓN GENERAL
campo de control de longitud fija 971013s r 00010 d
010 ## - NÚMERO DE CONTROL DE LA BIBLIOTECA DEL CONGRESO
Número de control de LC 48057
011 ## - ENLACE DEL NUMERO DE CONTROL DE LA BIBLIOTECA DEL CONGRESO [OBSOLETO]
Número de control de LC 49029
035 ## - NÚMERO DE CONTROL DEL SISTEMA
Número de control de sistema 53177
040 ## - FUENTE DE LA CATALOGACIÓN
Centro/agencia transcriptor CHAP
090 ## - LOCALMENTE ASIGNADO TIPO-LC NÚMERO DE CLASIFICACIÓN (OCLC); NÚMERO DE CLASIFICACIÓN LOCAL (RLIN)
Número de clasificación (OCLC) (R) ; Numero de clasificación, CALL (RLIN) (NR) R-2020
100 00 - ENTRADA PRINCIPAL--NOMBRE DE PERSONA
Nombre de persona Vavilov, Nicolai Ivanovich.
9 (RLIN) 118213
245 ## - MENCIÓN DE TÍTULO
Título Centros mundiales de origen de las plantas cultivadas
500 ## - NOTA GENERAL
Nota general 1951
500 ## - NOTA GENERAL
Nota general Sobretiro de: Vavilov, N.I. The origin, immunity and breedings of cultivated plants. New York, Ronald Press
590 ## - NOTA LOCAL (RLIN)
Nota local BATCH-UPD
Procedencia (VM) [OBSOLETO] 10
Condición del los carretes individuales (VM) [OBSOLETO] 20130110
-- UCH01
-- 1204
590 ## - NOTA LOCAL (RLIN)
Nota local BATCH-UPD
Procedencia (VM) [OBSOLETO] 10
Condición del los carretes individuales (VM) [OBSOLETO] 20130410
-- UCH01
-- 0746
590 ## - NOTA LOCAL (RLIN)
Nota local BATCH-UPD
Procedencia (VM) [OBSOLETO] 10
Condición del los carretes individuales (VM) [OBSOLETO] 20130914
-- UCH01
-- 1415
590 ## - NOTA LOCAL (RLIN)
Nota local CONVERSION
Procedencia (VM) [OBSOLETO] 10
Condición del los carretes individuales (VM) [OBSOLETO] 20130109
-- UCH01
-- 1326
650 14 - PUNTO DE ACCESO ADICIONAL DE MATERIA--TÉRMINO DE MATERIA
Término de materia o nombre geográfico como elemento de entrada Fitogeografía.
9 (RLIN) 41157
650 14 - PUNTO DE ACCESO ADICIONAL DE MATERIA--TÉRMINO DE MATERIA
Término de materia o nombre geográfico como elemento de entrada Plantas cultivadas
Subdivisión general Historia.
9 (RLIN) 88931
901 ## - ELEMENTOS DE DATOS A LOCAL LDA (RLIN)
a BK
942 ## - ELEMENTOS DE PUNTO DE ACCESO ADICIONAL (KOHA)
Tipo de ítem Koha Folleto
949 ## - PROCESAMIENTO DE INFORMACIÓN LOCAL (OCLC)
a R-2020
b BC
c R
d -118076
e TS1
i 53177
s i
949 ## - PROCESAMIENTO DE INFORMACIÓN LOCAL (OCLC)
a R-2020
b BC
c R
d -118077
e TS2
f c.2
i 53177
s i
949 ## - PROCESAMIENTO DE INFORMACIÓN LOCAL (OCLC)
a R-2020
b BC
c R
d -118078
e TS2
f c.3
i 53177
s i
Holdings
Estado de retiro Estado de pérdida Estado dañado Restricciones de uso No para préstamo Código de colección Localización permanente Ubicación/localización actual Ubicación en estantería Fecha de adquisición Información codificada de la localización en otra ubicación Total de préstamos Signatura topográfica completa Código de barras Fecha visto por última vez Número de copia Precio válido a partir de Tipo de ítem Koha Nota pública
      Préstamo interno   Reimpresos Biblioteca Central Biblioteca Central Planta alta - Área de Tesis - Reimpresos 17/12/2012 FOLL   R-2020 -118077 31/12/2019 c.2 31/12/2019 Reimpreso Recien adquirido
      Préstamo interno   Reimpresos Biblioteca Central Biblioteca Central Planta alta - Área de Tesis - Reimpresos 17/12/2012 FOLL   R-2020 -118078 31/12/2019 c.3 31/12/2019 Reimpreso Recien adquirido
      Préstamo interno2 Excluido de préstamo Reimpresos Biblioteca Central Biblioteca Central Planta alta - Área de Tesis - Reimpresos 17/12/2012 REIMP   R-2020 -118076 31/12/2019   31/12/2019 Reimpreso Recien adquirido